[Event "chess.com SpeedChess 2022"]
[Site "chess.com INT"]
[Date "2022.12.14"]
[Round "2.12"]
[White "Vachier-Lagrave, Maxime"]
[Black "So, Wesley"]
[Result "1-0"]
[WhiteTitle "GM"]
[BlackTitle "GM"]
[WhiteElo "2736"]
[BlackElo "2760"]
[WhiteFideId "623539"]
[BlackFideId "5202213"]
[EventDate "2022.11.23"]
[EventType "k.o."]

1. e4 e5 2. Nf3 Nc6 3. Bb5 Nf6 4. O-O Nxe4 5. d4 Nd6 6. Bxc6 dxc6 7. dxe5 Nf5 8.
Qxd8+ Kxd8 9. h3 Be7 10. Nc3 Nh4 11. Nxh4 Bxh4 12. Be3 h5 13. Rad1+ Ke8 14. Ne2
Be7 15. f4 f5 16. exf6 gxf6 17. f5 Kf7 18. g3 b6 19. Nc3 Re8 20. Rf3 Bd6 21. Kf2
Bb7 22. Bf4 c5 23. Rfd3 Bxf4 24. gxf4 Bc6 25. Nd5 Re4 26. Nxc7 Rg8 27. Ne6 Ke7
28. Rd6 Bb5 29. Kf3 Rc4 30. Nc7 Ba4 31. Re6+ Kf7 32. Nd5 Bxc2 33. Rxf6+ Ke8 34.
Re1+ Kd8 35. Rd6+ Kc8 36. Ne7+ Kc7 37. Rc6+ Kd7 38. Nxg8 Kxc6 39. f6 1-0

[Event "chess.com SpeedChess 2022"]
[Site "chess.com INT"]
[Date "2022.12.14"]
[Round "2.13"]
[White "So, Wesley"]
[Black "Vachier-Lagrave, Maxime"]
[Result "0-1"]
[WhiteTitle "GM"]
[BlackTitle "GM"]
[WhiteElo "2760"]
[BlackElo "2736"]
[WhiteFideId "5202213"]
[BlackFideId "623539"]
[EventDate "2022.11.23"]
[EventType "k.o."]

1. e4 c5 2. Nf3 Nc6 3. Bb5 g6 4. O-O Bg7 5. c3 Nf6 6. Re1 O-O 7. d4 d5 8. e5 Ne4
9. Be3 cxd4 10. cxd4 Qb6 11. Bxc6 Qxc6 12. Qb3 Be6 13. Rc1 Qd7 14. Ne1 f6 15.
exf6 exf6 16. Nd3 b6 17. f3 Nd6 18. Nc3 Nc4 19. Bf2 Bh6 20. Re1 Rac8 21. Re2 Bf7
22. Rae1 Rfe8 23. a4 a5 24. Qb5 Qxb5 25. Nxb5 Bd2 26. Rxe8+ Bxe8 27. Rd1 Bxb5
28. axb5 Bh6 29. Bg3 Be3+ 30. Bf2 Bxf2+ 31. Kxf2 Nxb2 0-1

[Event "chess.com SpeedChess 2022"]
[Site "chess.com INT"]
[Date "2022.12.14"]
[Round "2.14"]
[White "Vachier-Lagrave, Maxime"]
[Black "So, Wesley"]
[Result "1/2-1/2"]
[WhiteTitle "GM"]
[BlackTitle "GM"]
[WhiteElo "2736"]
[BlackElo "2760"]
[WhiteFideId "623539"]
[BlackFideId "5202213"]
[EventDate "2022.11.23"]
[EventType "k.o."]

1. e4 e5 2. Nf3 Nc6 3. Bb5 Nf6 4. O-O Nxe4 5. Re1 Nd6 6. Nxe5 Be7 7. Bf1 Nxe5 8.
Rxe5 O-O 9. d4 Bf6 10. Re2 Nf5 11. d5 d6 12. Nd2 h6 13. c3 c6 14. Ne4 Be5 15. f4
Bf6 16. Nxf6+ Qxf6 17. Re1 Bd7 18. Qb3 b6 19. Bd2 Ne7 20. dxc6 Bxc6 21. Be3 Rfe8
22. Rad1 Ng6 23. Qb4 Re6 24. Qd4 Qxd4 25. Rxd4 Rae8 26. f5 Rxe3 27. Rxe3 Rxe3
28. fxg6 d5 29. gxf7+ Kxf7 30. Kf2 Re5 31. Be2 Ke7 32. Bf3 Kd6 33. h4 a5 34. Rf4
Re7 35. Rf8 Bd7 36. g4 Be6 37. a3 Rf7 38. Rxf7 Bxf7 39. Ke3 Ke5 40. b4 g5 41.
hxg5 hxg5 42. Be2 Be6 43. Bf3 Bd7 44. Be2 Bc6 45. Bf3 Ba4 46. Be2 Bc2 47. Bf3
Bg6 48. Be2 Be4 49. Bd1 Bg2 50. Be2 axb4 51. axb4 Be4 52. Bd1 Bg2 53. Be2 Be4
54. Bd1 Bg2 55. Be2 1/2-1/2

[Event "chess.com SpeedChess 2022"]
[Site "chess.com INT"]
[Date "2022.12.14"]
[Round "2.15"]
[White "So, Wesley"]
[Black "Vachier-Lagrave, Maxime"]
[Result "0-1"]
[WhiteTitle "GM"]
[BlackTitle "GM"]
[WhiteElo "2760"]
[BlackElo "2736"]
[WhiteFideId "5202213"]
[BlackFideId "623539"]
[EventDate "2022.11.23"]
[EventType "k.o."]

1. e4 c5 2. Nf3 d6 3. d4 cxd4 4. Nxd4 Nf6 5. Nc3 a6 6. Be3 Ng4 7. Bg5 h6 8. Bh4
g5 9. Bg3 Bg7 10. Qd2 Nc6 11. Nb3 Nge5 12. h4 g4 13. O-O-O Be6 14. Nd5 Rc8 15.
Kb1 b5 16. c3 Nc4 17. Bxc4 bxc4 18. Nc1 Rb8 19. f4 gxf3 20. gxf3 Qa5 21. Ne2 Ne5
22. Bxe5 Bxe5 23. f4 Bxd5 24. exd5 Bf6 25. Qc2 Rg8 26. Ka1 Kd7 27. Nd4 Qxd5 28.
Rhe1 Rb6 29. Nf5 Rg2 0-1

[Event "chess.com SpeedChess 2022"]
[Site "chess.com INT"]
[Date "2022.12.14"]
[Round "2.16"]
[White "Vachier-Lagrave, Maxime"]
[Black "So, Wesley"]
[Result "1/2-1/2"]
[WhiteTitle "GM"]
[BlackTitle "GM"]
[WhiteElo "2736"]
[BlackElo "2760"]
[WhiteFideId "623539"]
[BlackFideId "5202213"]
[EventDate "2022.11.23"]
[EventType "k.o."]

1. e4 e5 2. Nf3 Nc6 3. Bb5 Nf6 4. O-O Nxe4 5. Re1 Nd6 6. Nxe5 Be7 7. Bf1 Nxe5 8.
Rxe5 O-O 9. d4 Bf6 10. Re2 b6 11. Re1 Bb7 12. Bf4 Ne4 13. Nd2 Re8 14. Bd3 Nxd2
15. Rxe8+ Qxe8 16. Qxd2 d6 17. c3 Qd7 18. Re1 Re8 19. Bf5 Qd8 20. Rxe8+ Qxe8 21.
Qe3 Qxe3 22. fxe3 Kf8 23. Bd3 h6 24. e4 Bg5 25. Bxg5 hxg5 26. Kf2 Ke7 27. g3 1/2-1/2

[Event "chess.com SpeedChess 2022"]
[Site "chess.com INT"]
[Date "2022.12.14"]
[Round "2.17"]
[White "So, Wesley"]
[Black "Vachier-Lagrave, Maxime"]
[Result "0-1"]
[WhiteTitle "GM"]
[BlackTitle "GM"]
[WhiteElo "2760"]
[BlackElo "2736"]
[WhiteFideId "5202213"]
[BlackFideId "623539"]
[EventDate "2022.11.23"]
[EventType "k.o."]

1. e4 e5 2. Nf3 Nf6 3. Nxe5 d6 4. Nf3 Nxe4 5. d4 d5 6. Bd3 Bd6 7. O-O O-O 8. c4
c6 9. Re1 Bf5 10. Qb3 Qd7 11. Nh4 Be6 12. Qc2 f5 13. g3 Na6 14. a3 dxc4 15. Bxc4
Bxc4 16. Qxc4+ Kh8 17. Nc3 Rae8 18. Nxe4 fxe4 19. Qc2 Qf7 20. Ng2 Nc7 21. Bf4
Bxf4 22. Nxf4 Qf5 23. Re3 g5 24. Ng2 Nd5 25. Re2 Re6 26. Rae1 Qh3 27. Ne3 Nf4
28. Rd2 Rh6 29. f3 exf3 30. gxf4 gxf4 31. Nc4 Rg8+ 32. Kh1 Rhg6 33. Qe4 Qg4 34.
h3 Qxh3+ 35. Rh2 Qxh2+ 36. Kxh2 Rh6# 0-1

[Event "chess.com SpeedChess 2022"]
[Site "chess.com INT"]
[Date "2022.12.14"]
[Round "2.18"]
[White "Vachier-Lagrave, Maxime"]
[Black "So, Wesley"]
[Result "1-0"]
[WhiteTitle "GM"]
[BlackTitle "GM"]
[WhiteElo "2736"]
[BlackElo "2760"]
[WhiteFideId "623539"]
[BlackFideId "5202213"]
[EventDate "2022.11.23"]
[EventType "k.o."]

1. e4 e5 2. Nf3 Nc6 3. Bb5 Nf6 4. O-O Nxe4 5. d4 Nd6 6. Bxc6 dxc6 7. dxe5 Nf5 8.
Qxd8+ Kxd8 9. Nc3 Bd7 10. h3 h6 11. b3 b6 12. Bb2 Kc8 13. Rad1 a5 14. a4 c5 15.
Nd5 c4 16. Nf4 Bc6 17. e6 cxb3 18. exf7 bxc2 19. Rd2 Bb4 20. Rxc2 Bxa4 21. Rcc1
Rf8 22. Ne5 Bb3 23. Nfg6 Rxf7 24. Nxf7 Bxf7 25. Ne5 Bb3 26. Bc3 Ba3 27. Ra1 Bd6
28. Rfb1 Bd5 29. Rd1 Bb3 30. Rdb1 Bg8 31. g4 Nh4 32. f4 g5 33. Rf1 Kb7 34. f5
Bd5 35. Rad1 c6 36. f6 Bxe5 37. Bxe5 Nf3+ 38. Rxf3 Bxf3 39. Rd7+ Ka6 40. f7 Bd5
41. Rxd5 cxd5 42. Bg7 b5 43. Bxh6 b4 44. f8=Q Rxf8 45. Bxf8 Kb5 46. h4 a4 47.
hxg5 a3 48. g6 Kc4 49. g7 a2 50. g8=Q a1=Q+ 51. Kg2 Qb2+ 52. Kg3 Qc3+ 53. Kh4
Qe1+ 54. Kh5 b3 55. Bg7 Qh1+ 56. Kg5 Qc1+ 57. Kg6 Qc2+ 58. Kf7 Qf2+ 59. Bf6 b2
60. Qc8+ Kb4 61. Qb7+ Ka3 62. g5 d4 63. g6 Ka2 64. Qa6+ Kb3 65. Qb5+ Ka2 66.
Qa4+ Kb1 67. g7 Kc1 68. g8=Q b1=Q 69. Qg5+ Kb2 70. Qb4+ Ka2 71. Qga5# 1-0

[Event "chess.com SpeedChess 2022"]
[Site "chess.com INT"]
[Date "2022.12.14"]
[Round "2.19"]
[White "So, Wesley"]
[Black "Vachier-Lagrave, Maxime"]
[Result "1-0"]
[WhiteTitle "GM"]
[BlackTitle "GM"]
[WhiteElo "2760"]
[BlackElo "2736"]
[WhiteFideId "5202213"]
[BlackFideId "623539"]
[EventDate "2022.11.23"]
[EventType "k.o."]

1. e4 e5 2. Nf3 Nf6 3. d4 Nxe4 4. Bd3 Nc6 5. Nxe5 Nxe5 6. dxe5 Nc5 7. Bc4 d6 8.
Qf3 Ne6 9. Be3 dxe5 10. Nd2 Bd6 11. O-O-O O-O 12. Ne4 Qe7 13. h4 Kh8 14. Ng5 f6
15. Ne4 Nd4 16. Bxd4 exd4 17. Rhe1 Be5 18. g3 Qb4 19. Bb3 Bd7 20. a3 Qb6 21. Qh5
Rae8 22. f4 Bd6 23. Bf7 Re7 24. Nxf6 gxf6 25. Rxe7 Bg4 26. Qh6 Bxe7 27. Bg6 Rf7
28. Bxf7 d3 29. Bg6 Qe3+ 30. Kb1 dxc2+ 31. Bxc2 Kg8 32. Bxh7+ Kf7 33. Qg6+ 1-0

[Event "chess.com SpeedChess 2022"]
[Site "chess.com INT"]
[Date "2022.12.14"]
[Round "2.21"]
[White "Vachier-Lagrave, Maxime"]
[Black "So, Wesley"]
[Result "1/2-1/2"]
[WhiteTitle "GM"]
[BlackTitle "GM"]
[WhiteElo "2736"]
[BlackElo "2760"]
[WhiteFideId "623539"]
[BlackFideId "5202213"]
[EventDate "2022.11.23"]
[EventType "k.o."]

1. e4 e5 2. Nf3 Nc6 3. Bb5 Nf6 4. O-O Nxe4 5. Re1 Nd6 6. Nxe5 Be7 7. Bf1 Nxe5 8.
Rxe5 O-O 9. d4 Bf6 10. Re2 b6 11. Re1 Bb7 12. Bf4 Ne4 13. Nd2 Re8 14. Bd3 Nxd2
15. Qxd2 d6 16. Bb5 Rxe1+ 17. Rxe1 Qf8 18. Qe3 a6 19. Bd3 Bc6 20. Qh3 g6 21. Bh6
Re8 22. Re3 Rxe3 23. Qxe3 Bxd4 24. Bxf8 Bxe3 25. Bxd6 cxd6 26. fxe3 a5 27. Kf2
Kg7 28. g3 Kf6 29. a3 Ke5 30. Bc4 1/2-1/2

[Event "chess.com SpeedChess 2022"]
[Site "chess.com INT"]
[Date "2022.12.14"]
[Round "2.22"]
[White "So, Wesley"]
[Black "Vachier-Lagrave, Maxime"]
[Result "1-0"]
[WhiteTitle "GM"]
[BlackTitle "GM"]
[WhiteElo "2760"]
[BlackElo "2736"]
[WhiteFideId "5202213"]
[BlackFideId "623539"]
[EventDate "2022.11.23"]
[EventType "k.o."]

1. e4 e5 2. Nf3 Nf6 3. d4 Nxe4 4. Bd3 Nc6 5. Nxe5 Nxe5 6. dxe5 Nc5 7. Bc4 d6 8.
Qf3 Ne6 9. Be3 dxe5 10. Nd2 Bd6 11. O-O-O Qe7 12. Ne4 O-O 13. h4 Nd4 14. Bxd4
exd4 15. Rhe1 Bb4 16. Re2 Qxh4 17. Rxd4 Qh6+ 18. Re3 Be6 19. Bxe6 fxe6 20. Qe2
Ba5 21. Kb1 Bb6 22. Rh3 Qxh3 23. gxh3 Bxd4 24. Ng5 h6 25. Qxe6+ Kh8 26. Nf7+ Kh7
27. Qe4+ g6 28. Qe7 Bg7 29. Qxc7 Kg8 30. Nd6 Rxf2 31. a4 Rf6 32. Qxb7 Rd8 33.
Nc4 a6 34. a5 Kh7 35. Nb6 Rd1+ 36. Ka2 Rd2 37. c3 Rff2 38. Na4 Rde2 39. Qxa6 Re5
40. Qb6 Rf6 41. Qc7 Rff5 42. b4 Re2+ 43. Kb3 Rf1 44. a6 Rb1+ 45. Kc4 Re4+ 46.
Kb5 Re5+ 47. Nc5 Ra1 48. a7 Rf5 49. Kb6 Rf6+ 50. Kb7 Rf8 51. Na6 1-0

[Event "chess.com SpeedChess 2022"]
[Site "chess.com INT"]
[Date "2022.12.14"]
[Round "2.23"]
[White "Vachier-Lagrave, Maxime"]
[Black "So, Wesley"]
[Result "1/2-1/2"]
[WhiteTitle "GM"]
[BlackTitle "GM"]
[WhiteElo "2736"]
[BlackElo "2760"]
[WhiteFideId "623539"]
[BlackFideId "5202213"]
[EventDate "2022.11.23"]
[EventType "k.o."]

1. e4 e5 2. Nf3 Nc6 3. Bb5 Nf6 4. O-O Nxe4 5. Re1 Nd6 6. Nxe5 Be7 7. Bf1 Nxe5 8.
Rxe5 O-O 9. d4 Bf6 10. Re2 b6 11. Re1 Bb7 12. Bf4 Ne4 13. Nd2 Re8 14. Bd3 Nxd2
15. Qxd2 d6 16. Bb5 Rxe1+ 17. Rxe1 Qf8 18. c3 a6 19. Bd3 Re8 20. a4 a5 21. Bb5
Rxe1+ 22. Qxe1 Qe7 23. Qxe7 Bxe7 24. f3 Bd5 25. Bd3 Bb3 26. Bb5 f5 27. Kf2 Kf7
28. Ke2 g5 29. Bd2 Ke6 30. Kd3 d5 31. c4 h6 32. f4 g4 33. cxd5+ Bxd5 34. Bc4 c6
35. b3 h5 36. g3 h4 37. Be1 h3 38. Bd2 Ba3 39. Kc2 Kd6 40. Kd3 Be4+ 41. Ke2 Bb2
42. Ke3 c5 43. dxc5+ Kxc5 44. Ke2 Bf3+ 45. Kd3 Be4+ 46. Ke2 Bd4 47. Be3 Bc6 48.
Be6 Be4 49. Bxd4+ Kxd4 50. Kd2 Bd3 51. Bd7 Be4 52. Be6 Bd3 53. Bd7 Be4 54. Be6 1/2-1/2

[Event "chess.com SpeedChess 2022"]
[Site "chess.com INT"]
[Date "2022.12.14"]
[Round "2.24"]
[White "So, Wesley"]
[Black "Vachier-Lagrave, Maxime"]
[Result "0-1"]
[WhiteTitle "GM"]
[BlackTitle "GM"]
[WhiteElo "2760"]
[BlackElo "2736"]
[WhiteFideId "5202213"]
[BlackFideId "623539"]
[EventDate "2022.11.23"]
[EventType "k.o."]

1. e4 c5 2. Nf3 d6 3. Bb5+ Bd7 4. Bxd7+ Qxd7 5. c4 Nc6 6. Nc3 g6 7. d4 cxd4 8.
Nxd4 Bg7 9. Be3 Nf6 10. f3 O-O 11. O-O Rfc8 12. b3 a6 13. Nde2 b5 14. Nd5 Nxd5
15. cxd5 Nb4 16. Bd4 Bxd4+ 17. Nxd4 Qa7 18. Rf2 Rc3 19. Rd2 Nc2 20. Rb1 Rac8 21.
Kf1 Ne3+ 0-1

[Event "chess.com SpeedChess 2022"]
[Site "chess.com INT"]
[Date "2022.12.14"]
[Round "2.25"]
[White "Vachier-Lagrave, Maxime"]
[Black "So, Wesley"]
[Result "1/2-1/2"]
[WhiteTitle "GM"]
[BlackTitle "GM"]
[WhiteElo "2736"]
[BlackElo "2760"]
[WhiteFideId "623539"]
[BlackFideId "5202213"]
[EventDate "2022.11.23"]
[EventType "k.o."]

1. e4 c5 2. Nf3 d6 3. d4 cxd4 4. Nxd4 Nf6 5. Nc3 a6 6. h3 e5 7. Nb3 Be7 8. Be3
h6 9. Bc4 Be6 10. Bxe6 fxe6 11. O-O b5 12. Qd3 O-O 13. Rfd1 Qc7 14. a3 Nbd7 15.
Rac1 Rac8 16. Ne2 Rb8 17. Ng3 Rfc8 18. Nd2 Nc5 19. Bxc5 Qxc5 20. Qb3 Kf7 21. Nf5
Bf8 22. Ne3 a5 23. c3 g6 24. Ng4 Nh7 25. Nf3 h5 26. Ne3 Bh6 27. Re1 Nf6 28. Qc2
Qc6 29. Nd2 Kg7 30. Rcd1 Rf8 31. Nef1 Rf7 32. Nf3 Rbf8 33. Qd3 Ne8 34. b4 axb4
35. axb4 Rc7 36. Re2 Qc4 37. Qxc4 Rxc4 38. Rd3 Rf7 39. N3d2 Rc8 40. Ne3 Rfc7 41.
Nb1 Kf7 42. Ra2 Ke7 43. Ra5 Rb7 44. Na3 Nc7 45. Kf1 Ra8 46. Rxa8 Nxa8 47. Nec2
Nc7 48. h4 d5 49. Rg3 Kf6 50. Rf3+ Ke7 51. Rg3 Kf7 52. Rf3+ Kg7 53. Rd3 Kf6 54.
Rf3+ Kg7 55. Rd3 Kf6 56. Rf3+ 1/2-1/2

[Event "chess.com SpeedChess 2022"]
[Site "chess.com INT"]
[Date "2022.12.14"]
[Round "2.26"]
[White "So, Wesley"]
[Black "Vachier-Lagrave, Maxime"]
[Result "1/2-1/2"]
[WhiteTitle "GM"]
[BlackTitle "GM"]
[WhiteElo "2760"]
[BlackElo "2736"]
[WhiteFideId "5202213"]
[BlackFideId "623539"]
[EventDate "2022.11.23"]
[EventType "k.o."]

1. d4 Nf6 2. c4 g6 3. Nc3 d5 4. Bg5 Bg7 5. Nf3 Ne4 6. Bf4 O-O 7. e3 c5 8. cxd5
Bf5 9. Be5 Nxc3 10. bxc3 Qxd5 11. Bxg7 Kxg7 12. Qb3 Qxb3 13. axb3 cxd4 14. exd4
Nd7 15. Kd2 Rfd8 16. Bd3 Bxd3 17. Kxd3 e5 18. Rhe1 exd4 19. Nxd4 a6 20. Rad1
Rac8 21. Kc2 Kf8 22. Kb2 Nf6 23. c4 Rd7 24. Nc2 Rcd8 25. Rxd7 Rxd7 26. Kc3 Re7
27. Kd4 Rd7+ 28. Kc3 Re7 29. f3 Rxe1 30. Nxe1 Ke7 31. Nd3 Kd6 32. Kd4 Nd7 33. b4
b6 34. Nb2 a5 35. Kc3 axb4+ 36. Kxb4 Kc6 37. Nd3 g5 38. g4 f6 39. h3 h6 40. f4
Nc5 41. fxg5 Nxd3+ 42. Kc3 hxg5 43. Kxd3 Kc5 1/2-1/2

[Event "chess.com SpeedChess 2022"]
[Site "chess.com INT"]
[Date "2022.12.14"]
[Round "2.27"]
[White "Vachier-Lagrave, Maxime"]
[Black "So, Wesley"]
[Result "0-1"]
[WhiteTitle "GM"]
[BlackTitle "GM"]
[WhiteElo "2736"]
[BlackElo "2760"]
[WhiteFideId "623539"]
[BlackFideId "5202213"]
[EventDate "2022.11.23"]
[EventType "k.o."]

1. e4 c5 2. Nf3 Nc6 3. Bb5 g6 4. Bxc6 dxc6 5. d3 Bg7 6. O-O Nf6 7. Nc3 O-O 8. h3
Ne8 9. Bf4 h6 10. Re1 Nc7 11. Bxc7 Qxc7 12. e5 f5 13. exf6 exf6 14. d4 Rd8 15.
Qd3 Qf7 16. Qe3 cxd4 17. Nxd4 c5 18. Nde2 b6 19. Nf4 Bb7 20. Qg3 g5 21. Ne6 Rd2
22. Nxg7 Kxg7 23. Rad1 Rad8 24. b3 Bc6 25. h4 R8d4 26. Rxd2 Rxd2 27. hxg5 hxg5
28. Re2 Rxe2 29. Nxe2 Qd5 30. Nc3 Qd7 31. Qe3 Kg6 32. f3 Qf5 33. Qd2 Qe5 34. Kf2
b5 35. Qd3+ Qf5 36. Qxf5+ Kxf5 37. g4+ Ke5 38. Ke3 b4 39. Nd1 Be8 40. Nf2 Bg6
41. Ne4 Bxe4 42. fxe4 a5 0-1

[Event "chess.com SpeedChess 2022"]
[Site "chess.com INT"]
[Date "2022.12.14"]
[Round "2.28"]
[White "So, Wesley"]
[Black "Vachier-Lagrave, Maxime"]
[Result "1/2-1/2"]
[WhiteTitle "GM"]
[BlackTitle "GM"]
[WhiteElo "2760"]
[BlackElo "2736"]
[WhiteFideId "5202213"]
[BlackFideId "623539"]
[EventDate "2022.11.23"]
[EventType "k.o."]

1. e4 c5 2. Nf3 d6 3. d4 cxd4 4. Nxd4 Nf6 5. Nc3 a6 6. Be3 e5 7. Nb3 Be6 8. f3
h5 9. Qd2 Nbd7 10. O-O-O Rc8 11. Kb1 Be7 12. h3 Qc7 13. Bd3 h4 14. f4 b5 15.
Rhe1 O-O 16. g4 exf4 17. Bxf4 Ne5 18. Nd4 b4 19. Nd5 Bxd5 20. exd5 Nxd5 21. Be4
Nc4 22. Qf2 Nxf4 23. Qxf4 d5 24. Qxc7 Rxc7 25. Bxd5 Nb6 26. Bb3 g6 27. Ne6 fxe6
28. Rxe6 Kg7 29. Rxb6 Rf3 30. Rh1 a5 31. Ra6 Rc5 32. Ra7 Re5 33. a4 bxa3 34.
bxa3 Kh6 35. a4 Bb4 36. Rf7 Ree3 37. Rxf3 Rxf3 38. Bd5 Rc3 39. Be4 1/2-1/2

[Event "chess.com SpeedChess 2022"]
[Site "chess.com INT"]
[Date "2022.12.14"]
[Round "2.29"]
[White "Vachier-Lagrave, Maxime"]
[Black "So, Wesley"]
[Result "1/2-1/2"]
[WhiteTitle "GM"]
[BlackTitle "GM"]
[WhiteElo "2736"]
[BlackElo "2760"]
[WhiteFideId "623539"]
[BlackFideId "5202213"]
[EventDate "2022.11.23"]
[EventType "k.o."]

1. e4 c5 2. Nf3 Nc6 3. Bb5 g6 4. Bxc6 dxc6 5. d3 Bg7 6. O-O Nf6 7. Nc3 O-O 8.
Bf4 Nh5 9. Be3 b6 10. h3 e5 11. Re1 Qd6 12. a4 a5 13. Nd2 Be6 14. Nc4 Qc7 15.
Qf3 Nf4 16. Ne2 Bxc4 17. dxc4 Ne6 18. Ng3 Rad8 19. c3 Rd6 20. Red1 Rfd8 21. Nf1
h5 22. h4 Qd7 23. Rd2 Rxd2 24. Bxd2 Kh7 25. g3 Bf8 26. Qe2 Be7 27. Be3 Kg7 28.
Rc1 Qe8 29. Rd1 Rxd1 30. Qxd1 Qd8 1/2-1/2

[Event "chess.com SpeedChess 2022"]
[Site "chess.com INT"]
[Date "2022.12.14"]
[Round "2.31"]
[White "So, Wesley"]
[Black "Vachier-Lagrave, Maxime"]
[Result "1/2-1/2"]
[WhiteTitle "GM"]
[BlackTitle "GM"]
[WhiteElo "2760"]
[BlackElo "2736"]
[WhiteFideId "5202213"]
[BlackFideId "623539"]
[EventDate "2022.11.23"]
[EventType "k.o."]

1. Nf3 c5 2. c4 Nc6 3. d4 cxd4 4. Nxd4 Nf6 5. Nc3 e6 6. g3 Qb6 7. Nf3 Bc5 8. e3
Bb4 9. Bd2 d5 10. Bg2 dxc4 11. O-O O-O 12. Qe2 e5 13. Qxc4 Be6 14. Qe2 h6 15.
Rfc1 Rad8 16. Na4 Qa5 17. Bxb4 Qxb4 18. Nc5 e4 19. Nd4 Nxd4 20. exd4 Bd5 21. Qe3
b6 22. a3 Qb5 23. Bf1 Qe8 24. Na6 Qe7 25. Nb4 a5 26. Nc6 Bxc6 27. Rxc6 Nd5 28.
Qe2 Rfe8 29. Re1 e3 30. fxe3 Nxe3 31. Rc3 Nd5 32. Qxe7 Rxe7 33. Rxe7 Nxe7 34.
Rc7 Nd5 35. Rb7 Kf8 36. Bc4 Rd6 37. Kf2 g6 38. Ke2 h5 39. Kd3 Ne7 40. a4 Nf5 41.
d5 Kg7 42. Ke4 Kf6 43. Bb5 Ne7 44. Bc6 Nc8 45. Rc7 Rd8 46. Kd4 Nd6 47. Bd7 Ke7
48. Bc6+ Kf6 49. Bd7 Ke7 50. Bc6+ Kf6 1/2-1/2

[Event "chess.com SpeedChess 2022"]
[Site "chess.com INT"]
[Date "2022.12.14"]
[Round "2.32"]
[White "Vachier-Lagrave, Maxime"]
[Black "So, Wesley"]
[Result "0-1"]
[WhiteTitle "GM"]
[BlackTitle "GM"]
[WhiteElo "2736"]
[BlackElo "2760"]
[WhiteFideId "623539"]
[BlackFideId "5202213"]
[EventDate "2022.11.23"]
[EventType "k.o."]

1. e4 c5 2. Nf3 d6 3. Bb5+ Bd7 4. Bxd7+ Qxd7 5. O-O Nf6 6. Re1 Nc6 7. c3 e6 8.
d4 d5 9. exd5 Qxd5 10. Be3 cxd4 11. Nxd4 Be7 12. Qb3 Nxd4 13. Bxd4 O-O 14. Nd2
Rfd8 15. Qxd5 Nxd5 16. Nf3 a6 17. Rad1 Rac8 18. g3 Rd6 19. Rd2 f6 20. Red1 Kf7
21. Be3 b5 22. Ne1 Rdc6 23. Nc2 a5 24. a3 b4 25. axb4 axb4 26. Nxb4 Bxb4 27.
cxb4 Nxe3 28. fxe3 Rb8 29. Rd4 Rc2 30. R1d2 Rxd2 31. Rxd2 Rxb4 32. Kf2 Rb3 33.
Re2 h5 34. Ke1 Kg6 35. Kd1 Kf5 36. Kc2 Rb8 37. Kd3 Rd8+ 38. Kc4 Rc8+ 39. Kd3
Rd8+ 40. Kc4 Ke4 41. b4 Rc8+ 42. Kb3 Kd3 43. Ra2 Kxe3 44. Ra7 e5 45. Rxg7 e4 46.
Rf7 Kd2 47. Rxf6 Rd8 48. Rf5 e3 49. Rxh5 e2 50. Re5 Rd3+ 51. Kb2 Re3 52. Rd5+
Rd3 53. Re5 e1=Q 54. Rxe1 Kxe1 55. g4 Kf2 56. g5 Kf3 57. g6 Ke4 0-1

[Event "chess.com SpeedChess 2022"]
[Site "chess.com INT"]
[Date "2022.12.14"]
[Round "2.33"]
[White "So, Wesley"]
[Black "Vachier-Lagrave, Maxime"]
[Result "1/2-1/2"]
[WhiteTitle "GM"]
[BlackTitle "GM"]
[WhiteElo "2760"]
[BlackElo "2736"]
[WhiteFideId "5202213"]
[BlackFideId "623539"]
[EventDate "2022.11.23"]
[EventType "k.o."]

1. Nf3 d5 2. b3 Nf6 3. Bb2 g6 4. e3 Bg7 5. c4 O-O 6. cxd5 Nxd5 7. Bxg7 Kxg7 8.
d4 Qd6 9. Qc1 Bg4 10. Be2 Nd7 11. O-O c5 12. Rd1 Rac8 13. Qb2 Qf6 14. Ne5 Be6
15. Nxd7 Bxd7 16. Bf3 Be6 17. Bxd5 Bxd5 18. Nc3 Rfd8 19. Rac1 cxd4 20. Rxd4 Bc6
21. Rcd1 Rxd4 22. Rxd4 h5 23. h3 e5 24. Rd2 Rd8 25. Rxd8 Qxd8 26. Qc2 Qg5 27. e4
Qf4 28. Kf1 h4 29. Ke2 Qh2 30. Kf3 f5 31. Qd2 Kf7 32. Qg5 Qg1 33. Qxh4 Qc1 34.
Qh7+ Kf6 35. Qh8+ Kf7 36. Qxe5 Qc2 37. Qd4 fxe4+ 38. Kg3 a5 39. Kh2 Ke6 40. h4
Qc1 41. Qe3 Qc2 42. f3 Kf7 43. fxe4 b5 44. Nd5 Ke6 45. Nf4+ Kd7 46. e5 Qf5 47.
e6+ Ke7 48. Qa7+ Kd6 49. Qd4+ Ke7 50. Qg7+ Kd6 51. Qd4+ Ke7 52. Qe3 b4 53. Qg3
Kf6 54. e7 Qe4 55. Qg5+ Kf7 56. h5 gxh5 57. Nxh5 Qxe7 58. Qg7+ Ke8 59. Nf6+ Kd8
60. Qg8+ Kc7 61. Qg3+ Kb7 62. Qf2 Qe5+ 63. g3 a4 64. bxa4 Qa1 65. Kh3 Qh1+ 66.
Kg4 Qd1+ 67. Kg5 Qxa4 68. g4 b3 69. axb3 Qxb3 70. Qd4 Qe6 71. Kg6 Be8+ 72. Kg5
Bc6 73. Qb4+ Kc7 74. Qc5 Kb7 75. Qd4 Kc7 76. Kh6 Qf7 77. g5 Qf8+ 78. Kg6 Qe7 79.
Qf4+ Kb7 80. Qd4 Qe6 81. Qc5 Be4+ 82. Kg7 Bc6 83. Qb4+ Kc7 84. Qf4+ Kb7 85. Qb4+
Kc7 86. g6 Kc8 87. Qf8+ Kc7 88. Qf7+ Kd6 89. Qf8+ Qe7+ 90. Qxe7+ Kxe7 91. Ng8+
Ke6 92. Kf8 Be4 93. g7 Bh7 94. Nh6 Kf6 95. Nf7 Kg6 96. Ne5+ Kf6 97. Nf3 Kg6 98.
Nd4 Kf6 99. Ne2 Kg6 100. Ng3 Kf6 101. Nh5+ Kg6 102. Nf4+ Kf6 103. Nd5+ Kg6 104.
Ne7+ Kf6 105. Ng8+ Kg6 106. Ne7+ Kf6 107. Nc8 Kg6 108. Nd6 Kf6 109. Ne8+ Kg6
110. Ke7 Bg8 111. Kf8 Bh7 112. Nc7 Kf6 113. Nd5+ Kg6 114. Nc3 Kf6 115. Nd1 Kg6
116. Ne3 Kf6 117. Ng4+ Kg6 118. Ne5+ Kf6 119. Nd7+ Kg6 120. Nb6 Kf6 121. Nd5+ 1/2-1/2